000 00978nac a22003017a 4500
001 BR6800128
003 BR-BrBNA
005 20240105113327.0
008 230509b bl.|||m| |||| 00| 0 por d
040 _aBR-BrBNA
_bpor
_cBiblioteca Nacional de Agricultura
072 _aL00; E15
090 _a5212 BR6800128
110 1 _aDepartamento Estadual de Estatistica, Curitiba, PR (Brasil)
_93180
245 1 _aAnimais existentes no Estado, ano de 1966 [Estatistica de producao; Bovino; Suino; Equino; Ovino; Parana; Brasil]
260 3 _aCuritiba, PR (Brasil):
_c1968.
300 _a45 p.
490 _aAnimais Existentes no Estado - Departamento Estadual de Estatistica (Brazil)
_v
_x
500 _aNumerical data
650 _aPRODUCAO ANIMAL
650 _aEQUINO
650 _aBOVINO
650 _aSUINO
650 _aOVINO
650 _aESTATISTICA DE PRODUCAO
650 _aPARANA
909 _a202312
_bLúcia Elande
_c55
_dLúcia Elande
942 _2AGRIS
_n0
_cMS
999 _c263110
_d263110